000 00524nam a22001817a 4500
003 UUm
005 20151027155107.0
008 130308t xxu||||| |||| 00| 0 eng d
020 _a9780714846675
050 _aN 6537
_b.An577 2007
082 _aN6537.W28
_bW275 2007
245 _aAndy warhol portraits
_cedited by Tony Shafrazi.
260 _aLondon; New York, NY :
_bPhaidon Press,
_c2007.
300 _a312 p. :
_bill. (some col) ;
_c30 cm.
650 _aWarhol, Andy
_xPortraits
942 _2lcc
_cBK
999 _c2241
_d2241